Statistics for 10 Largest World Cities* that start with 2+ consonants

Click here to take the quiz!

General Stats

  • This quiz has been taken 19 times
  • The average score is 5 of 10

Answer Stats

Answer% Correct
Shanghai
88%
Chennai
76%
Dhaka
76%
Chongqing
53%
Chengdu
47%
Shenyang
47%
Shenzhen
47%
Hyderabad
41%
Changsha
29%
Shantou
29%

Score Distribution

Percentile by Number Answered

Percent of People with Each Score

Your Score History

You have not taken this quiz